Multilingual Greetings - Statistics

General Stats
  • This quiz has been taken 41 times
  • The average score is 6 of 15
Answer Stats
Hint Answer % Correct
Spanish Hola
92%
French Bonjour
89%
German Guten tag
76%
Italian Buon giorno
68%
Japanese Konnichiwa
57%
Mandarin Nǐ hǎo
57%
Hindi Namaste
38%
Hebrew Shalom
32%
Russian Privyet
27%
Korean Annyeonghaseyo
19%
Swahili Hujambo
19%
Vietnamese Xin chào
14%
Arabic As salaam alaikum
11%
Greek Yassas
11%
Tagalog Kamusta
5%
No matching quizzes found
Score Distribution
Percent of People with Each Score
Percentile by Number Answered
Your Score History
You have not taken this quiz